000
00289 a2200145 4500
001
162896
020
_a
040
_c
Magnum
100
_a
-
240
1
0
_a
Festa no ceu/edelbra
_l
por
245
1
0
_a
Festa no ceu/edelbra
362
0
_a
1899
697
_a
I/LENDAS, FOLCLORE
942
_c
BK
999
_c
162896
_d
162896